000 00640nam a2200241Ia 4500
001 53513
005 20240114005347.0
007 ta
008 110202s2002 g b000 u 807 u
040 _aCottonCollege,Assam
041 _a807
082 _a891.4309
_bMi 687 Ka
100 _aMisra, Sib Kumar .
245 0 _aKahinikar Premchand: Rachana Dristi Aur Rachana Silpa /
_cSib Kumar Misra.
_hTextual Documents
250 _aIst ed /
260 _aAllahabad :
_bLokbharti ,
_c2002.
300 _c23cm.
653 _aHindi Literature
653 _aG-Hindi
942 _2ddc
_cBK
999 _c53476
_d53476